City by Hockey Club - Statistics

General Stats
  • This quiz has been taken 25 times
  • The average score is 6 of 15
Answer Stats
Franchise City % Correct
Islanders, Rangers New York
100%
Beauts, Sabres Buffalo
92%
Moose, Jets Winnipeg
92%
Barracuda, Sharks San Jose
67%
Marlies, Oshawa Generals Greater Toronto Area
54%
Jokerit, Helsingfors Idrottsföreningen Kamraterna Helsinki
54%
HC Sparta, HC Slavia Prague
42%
Barons, EHC Red Bull Munich
29%
Ungmennafélagið Fjölnir, Skautafélag Reykjavik
29%
Djurgårdens IF, AIK Gothenburg
21%
Mighty Camels, Oilers (previously Al Ain Vipers) Dubai
13%
AK Bars, Irbis Kazan
13%
Steelers, Bears Sheffield
13%
Ice, Mustangs Melbourne
0%
Ice Lions Nairobi
0%
No matching quizzes found
Score Distribution
Percent of People with Each Score
Percentile by Number Answered
Your Score History
You have not taken this quiz